000 00568nam a22001817a 4500
005 20251108164658.0
008 250721s1988 xx 000 0 ara d
082 1 4 _a742/ويد
100 1 _aويد، نيكولاس
245 1 0 _aالأوهام البصرية :
_bفنها و علمها /
264 1 _aبغداد :
_bدار المأمون للترجمة و النشر،
_c1988.
300 _a343ص
650 1 7 _aالرسم الهندسي
650 1 7 _aالرسم المنظوري
700 1 _aمظفر، مي
_eترجمة
942 _2ddc
_cBK
999 _c11658
_d11658